• 首页
  • 本馆介绍
  • 公告通知
  • 最新文献
  • 馆藏检索
  • 电子资源
  • 读者导购
  • 参考咨询
  • 我的图书馆
  • 登录
  • 详细信息显示
  • 放入我的书架
  • 预约/预借图书
  • 作者相关作品
  • 分类相关作品
  • 丛书相关作品
  • 出版社相关作品

书目信息

  • 表格格式
  • 工作单格式
  • 卡片格式
题名:
《黄帝内经》和《本草纲目》中的女人养颜经
    
 
作者: 兰若生 编著
分册:  
出版信息: 北京   北京联合出版公司  2014
页数: 16,473页
开本: 25cm
丛书名:
单 册:
中图分类: R221 , R281.3 , TS974.1
科图分类:
主题词:
电子资源:
ISBN: 978-7-5502-3809-1
000 00972nam0 2200265 450
001 012015000182
005 20151130093147.81
010    @a978-7-5502-3809-1@dCNY29.80
100    @a20150310d2014 em y0chiy50 ea
101 0  @achi
102    @aCN@b110000
105    @aa z 000yy
106    @ar
200 1  @a《黄帝内经》和《本草纲目》中的女人养颜经@A《huang di nei jing》he《ben cao gang mu》zhong de nv ren yang yan jing@f兰若生编著
210    @a北京@c北京联合出版公司@d2014
215    @a16,473页@c图@d25cm
330    @a本书分为上篇《黄帝内经》中的女人养颜经、下篇《本草纲目》中的女人养颜经。内容包括:《黄帝内经》基础养颜方,水不变更的美容概念、生命的基础在脏腑,养好脏腑能容颜常驻等。
605    @a《内经》@x女性@x美容@x基本知识
605    @a《本草纲目》@x女性@x美容@x基本知识
690    @aR221@v5
690    @aR281.3@v5
690    @aTS974.1@v5
701  0 @a兰若生@Alan ruo sheng@4编著
801  0 @aCN@b碧洲教育@c20151127
905    @a10447@f4@dR221@e342
    
    《黄帝内经》和《本草纲目》中的女人养颜经/兰若生编著.-北京:北京联合出版公司,2014
    16,473页:图;25cm
    
    
    ISBN 978-7-5502-3809-1:CNY29.80
    本书分为上篇《黄帝内经》中的女人养颜经、下篇《本草纲目》中的女人养颜经。内容包括:《黄帝内经》基础养颜方,水不变更的美容概念、生命的基础在脏腑,养好脏腑能容颜常驻等。
●
相关链接 在E读中查询图书 在五车中查询图书 在当当中查询图书 在豆瓣中查询图书


正题名:《黄帝内经》和《本草纲目》中的女人养颜经     索取号:R221/342         预约/预借

序号 登录号 条形码 馆藏地/架位号 状态 备注
1 0871152   208711526   第二样本阅览室/ [索取号:R221/342] 在馆    
2 0871153   208711535   第三借阅区/ [索取号:R221/342] 在馆    
3 0871154   208711544   第三借阅区/ [索取号:R221/342] 已借出,限还日期为2018.11.16
借出人:张舒  
 
4 0871155   208711553   第三借阅区/ [索取号:R221/342] 在馆    
唐山师范学院图书馆 欢迎您!
大连网信软件有限公司© 版权所有